[Event "4. Bayer Open"]
[Site "Leverkusen"]
[Date "2007.01.08"]
[Round "1"]
[White "Rotstein, Jefim"]
[Black "Weinmann-Musset, Manfred"]
[Result "1-0"]
[WhiteElo "2269"]
[BlackElo "1852"]
[PlyCount "69"]
[EventDate "2007.??.??"]
[EventType "swiss"]
[EventRounds "7"]
[EventCountry "GER"]
[Source "Manfred Birnkot"]
[SourceDate "2007.03.26"]

1. Nf3 f5 2. c4 d6 3. d4 c6 4. Nc3 Nf6 5. Qc2 g6 6. e4 fxe4 7. Nxe4 Nxe4 8.
Qxe4 Bf5 9. Qe3 Bg7 10. Bd3 Nd7 11. Bxf5 Qa5+ 12. Bd2 Qxf5 13. O-O e5 14. dxe5
Nxe5 15. Nd4 Qd3 16. Ne6 Qxe3 17. fxe3 Bh6 18. Nc7+ Ke7 19. Nxa8 Nxc4 20. Bc3
Rxa8 21. e4 Be3+ 22. Kh1 Bg5 23. Rf3 Ke6 24. Raf1 b5 25. Rf7 a5 26. b3 b4 27.
Be1 Ne5 28. Rxh7 a4 29. Bxb4 axb3 30. axb3 Rb8 31. Bc3 Rxb3 32. Bxe5 Kxe5 33.
Rg7 Kxe4 34. Rxg6 Bf4 35. Rg4 1-0

[Event "4. Bayer Open"]
[Site "Leverkusen"]
[Date "2007.01.08"]
[Round "1"]
[White "Friedsam, Manfred"]
[Black "Khanukov, Boris"]
[Result "0-1"]
[WhiteElo "1804"]
[BlackElo "2297"]
[PlyCount "86"]
[EventDate "2007.??.??"]
[EventType "swiss"]
[EventRounds "7"]
[EventCountry "GER"]
[Source "Manfred Birnkot"]
[SourceDate "2007.03.26"]

1. e4 c5 2. Nc3 Nc6 3. g3 g6 4. Bg2 Bg7 5. d3 e6 6. f4 Nge7 7. Nf3 d5 8. e5 O-O
9. O-O a6 10. a4 Rb8 11. Ne2 d4 12. Ng5 b6 13. Ne4 Bb7 14. Bd2 a5 15. g4 Nd5
16. N2g3 f6 17. exf6 Nxf6 18. Qe2 Qd7 19. Rae1 Rbe8 20. Bh3 Nd8 21. Ng5 Qxa4
22. Bc1 Qc6 23. Nf3 Nd5 24. Ne5 Qc7 25. Bg2 Nf7 26. Nxf7 Qxf7 27. Ne4 Qc7 28.
Ng5 Ne3 29. Bxe3 dxe3 30. Bxb7 Qxb7 31. c3 a4 32. Qc2 Qa7 33. h3 e5 34. fxe5
Bxe5 35. Ne4 Bf4 36. Ra1 Rd8 37. Rfd1 Ra8 38. c4 Be5 39. Rf1 Qg7 40. Rxf8+ Rxf8
41. Rxa4 Qh6 42. Qg2 e2 43. Qxe2 Qxh3 0-1

[Event "4. Bayer Open"]
[Site "Leverkusen"]
[Date "2007.01.08"]
[Round "1"]
[White "Remmler, Dirk"]
[Black "Cordts, Ingo"]
[Result "0-1"]
[WhiteElo "1787"]
[BlackElo "2296"]
[PlyCount "74"]
[EventDate "2007.??.??"]
[EventType "swiss"]
[EventRounds "7"]
[EventCountry "GER"]
[Source "Manfred Birnkot"]
[SourceDate "2007.03.26"]

1. e4 d6 2. d4 Nf6 3. Nc3 c6 4. Bf4 Qa5 5. Bd3 e5 6. dxe5 dxe5 7. Bd2 Nbd7 8.
Nf3 Qc7 9. O-O Nc5 10. h3 Be7 11. a3 O-O 12. b4 Nxd3 13. cxd3 Rd8 14. Qc2 Qd6
15. Rfd1 Nh5 16. Ne2 Bf6 17. Bc3 Qe7 18. Qb2 Re8 19. Re1 g6 20. Rad1 Bd7 21. d4
exd4 22. Bxd4 Bxd4 23. Rxd4 c5 24. bxc5 Bc6 25. Qd2 Qxc5 26. Nf4 Nxf4 27. Qxf4
Qxa3 28. Ne5 Qe7 29. Ng4 f5 30. Nh6+ Kg7 31. Re3 Qe5 32. Nxf5+ gxf5 33. Qg5+
Kh8 34. exf5 Qxd4 35. f6 Qa1+ 36. Kh2 Rg8 37. Qh6 Rxg2# 0-1

[Event "4. Bayer Open"]
[Site "Leverkusen"]
[Date "2007.01.08"]
[Round "1"]
[White "Mladenov, Svetlin"]
[Black "Axmann, Michael"]
[Result "1-0"]
[WhiteElo "2304"]
[BlackElo "1742"]
[PlyCount "49"]
[EventDate "2007.??.??"]
[EventType "swiss"]
[EventRounds "7"]
[EventCountry "GER"]
[Source "Manfred Birnkot"]
[SourceDate "2007.03.26"]

1. e4 e6 2. d4 d5 3. Nc3 Bb4 4. e5 Ne7 5. Qg4 Kf8 6. a3 Ba5 7. Nf3 Nd7 8. b4
Bb6 9. Bd3 a5 10. Rb1 c6 11. O-O axb4 12. axb4 f5 13. exf6 Nxf6 14. Qh4 Qe8 15.
Bg5 Neg8 16. Ra1 Rxa1 17. Rxa1 Bc7 18. Ne5 Bxe5 19. dxe5 Nh5 20. Ra8 h6 21. Be3
g5 22. Qg4 Ne7 23. Na4 Kg7 24. Be2 d4 25. Bd2 1-0

[Event "4. Bayer Open"]
[Site "Leverkusen"]
[Date "2007.01.08"]
[Round "1"]
[White "Wieland, Ingo"]
[Black "Ljuboschitz, Alexander"]
[Result "0-1"]
[WhiteElo "1688"]
[BlackElo "2102"]
[PlyCount "50"]
[EventDate "2007.??.??"]
[EventType "swiss"]
[EventRounds "7"]
[EventCountry "GER"]
[Source "Manfred Birnkot"]
[SourceDate "2007.03.26"]

1. e4 e5 2. Nf3 Nc6 3. Bb5 g6 4. O-O Bg7 5. c3 a6 6. Ba4 d6 7. d4 Bd7 8. Be3
Nf6 9. Nbd2 Ng4 10. Qe2 Nxe3 11. Qxe3 O-O 12. dxe5 Nxe5 13. Bxd7 Nxd7 14. Nd4
Qe7 15. Rfe1 Rae8 16. Rad1 Nc5 17. N4b3 Na4 18. Rb1 c5 19. Qd3 b5 20. Qf3 Bh6
21. Nf1 Nb6 22. Ne3 Qxe4 23. Qxe4 Rxe4 24. Nd2 Re6 25. Ng4 Bxd2 0-1

[Event "4. Bayer Open"]
[Site "Leverkusen"]
[Date "2007.01.08"]
[Round "1"]
[White "Negele, Michael"]
[Black "Schreiber, Peter"]
[Result "1-0"]
[WhiteElo "2173"]
[BlackElo "1711"]
[PlyCount "35"]
[EventDate "2007.??.??"]
[EventType "swiss"]
[EventRounds "7"]
[EventCountry "GER"]
[Source "Manfred Birnkot"]
[SourceDate "2007.03.26"]

1. e4 e6 2. d4 d5 3. e5 c5 4. Nf3 Nc6 5. c3 Qb6 6. Bd3 cxd4 7. cxd4 Bd7 8. O-O
Nxd4 9. Nxd4 Qxd4 10. Nc3 Qxe5 11. Re1 Qd6 12. Nb5 Qb6 13. Be3 Bc5 14. Bxc5
Qxc5 15. Rc1 Qb6 16. Nc7+ Kd8 17. Nxa8 Ne7 18. Nxb6 1-0

[Event "4. Bayer Open"]
[Site "Leverkusen"]
[Date "2007.01.08"]
[Round "1"]
[White "Jankowiak, Frank"]
[Black "Marcziter, Dmitrii"]
[Result "0-1"]
[WhiteElo "1694"]
[BlackElo "2165"]
[PlyCount "78"]
[EventDate "2007.??.??"]
[EventType "swiss"]
[EventRounds "7"]
[EventCountry "GER"]
[Source "Manfred Birnkot"]
[SourceDate "2007.03.26"]

1. e4 c5 2. Nf3 a6 3. d4 cxd4 4. Nxd4 Nf6 5. Nc3 d6 6. Be2 e6 7. Be3 Nc6 8. Qd2
Be7 9. f3 Qc7 10. g4 O-O 11. O-O-O b5 12. g5 Nd7 13. h4 b4 14. Na4 Nxd4 15.
Qxd4 Qa5 16. Nb6 Nxb6 17. Qxb6 Qxb6 18. Bxb6 Bb7 19. Ba5 d5 20. e5 Bc5 21. Rd3
Bc6 22. Rdd1 Rfc8 23. c3 Bb5 24. Bd3 Rab8 25. Kb1 bxc3 26. Bxc3 d4 27. Be1 Bc6
28. Rf1 Bd5 29. Rc1 Rc6 30. Ba5 Ba3 31. Rf2 Bxf3 32. Rxc6 Bxc6 33. Bxa6 Be4+
34. Kc1 Bc5 35. Bc7 Ra8 36. Bc4 Rc8 37. Ba5 Bb4 38. b3 Bxa5 39. Kb2 Bc3+ 0-1

[Event "4. Bayer Open"]
[Site "Leverkusen"]
[Date "2007.01.08"]
[Round "1"]
[White "Krauth, Alexander"]
[Black "Hasanovic, Huzeir"]
[Result "1-0"]
[WhiteElo "2102"]
[BlackElo "1616"]
[PlyCount "117"]
[EventDate "2007.??.??"]
[EventType "swiss"]
[EventRounds "7"]
[EventCountry "GER"]
[Source "Manfred Birnkot"]
[SourceDate "2007.03.26"]

1. d4 d5 2. Bf4 Nf6 3. e3 Nc6 4. c3 e6 5. Nf3 Bd6 6. Bg5 h6 7. Bh4 g5 8. Bg3
Ne4 9. Bxd6 Qxd6 10. a4 Bd7 11. Nbd2 f5 12. a5 a6 13. Be2 g4 14. Nxe4 dxe4 15.
Nd2 h5 16. Qb3 O-O-O 17. Qa2 h4 18. b4 Na7 19. Qb3 g3 20. fxg3 hxg3 21. h3 Bc6
22. Nc4 Qd5 23. O-O-O Bb5 24. Kb2 Kb8 25. Rhe1 Nc6 26. Nd2 Qxb3+ 27. Nxb3 Bxe2
28. Rxe2 Ne5 29. Nc5 Rhe8 30. Rf1 Nd7 31. Nxd7+ Rxd7 32. Rf4 Rh8 33. Kb3 c6 34.
c4 Rg7 35. Rf1 Kc7 36. Rc2 Kb8 37. Ka4 Ka7 38. d5 cxd5 39. cxd5 e5 40. Rxf5
Rxh3 41. Rxe5 Rh4 42. d6 Rd7 43. Rd2 Rh6 44. Red5 Rf6 45. b5 axb5+ 46. Kxb5 Rf2
47. Kc5 Ka6 48. Rxf2 gxf2 49. Rf5 Kxa5 50. Rxf2 Ka4 51. Rf4 Rg7 52. Rxe4+ Ka3
53. Kb6 Rxg2 54. Kxb7 Rb2+ 55. Kc7 Rc2+ 56. Kd7 Rb2 57. Ke7 Rb7+ 58. d7 Kb3 59.
Ke8 1-0

[Event "4. Bayer Open"]
[Site "Leverkusen"]
[Date "2007.01.08"]
[Round "1"]
[White "Granz, Thomas"]
[Black "Reinemer, Frank"]
[Result "0-1"]
[WhiteElo "1687"]
[BlackElo "2097"]
[PlyCount "104"]
[EventDate "2007.??.??"]
[EventType "swiss"]
[EventRounds "7"]
[EventCountry "GER"]
[Source "Manfred Birnkot"]
[SourceDate "2007.03.26"]

1. e4 Nf6 2. e5 Nd5 3. d4 d6 4. c4 Nb6 5. exd6 cxd6 6. Be3 g6 7. Bd3 Bg7 8. Nf3
Bg4 9. Nbd2 Nc6 10. h3 Bxf3 11. Nxf3 d5 12. c5 Nc8 13. O-O O-O 14. a3 e6 15.
Qd2 b6 16. b4 bxc5 17. bxc5 N8e7 18. Bh6 Qa5 19. Qxa5 Nxa5 20. Bxg7 Kxg7 21.
Rac1 Rfb8 22. Rb1 Nec6 23. Bb5 Kf6 24. Rfe1 Ke7 25. g4 a6 26. Bxc6 Nxc6 27. Rb6
Rxb6 28. cxb6 Rb8 29. Rb1 f6 30. Kg2 h6 31. a4 Kd7 32. h4 g5 33. Kg3 Na5 34.
Nd2 Kc6 35. f4 gxf4+ 36. Kxf4 Rxb6 37. Rxb6+ Kxb6 38. g5 hxg5+ 39. hxg5 fxg5+
40. Kxg5 Kc6 41. Kg6 Kd6 42. Kf6 Nc4 43. Nb3 Nb6 44. Nc5 Nd7+ 45. Nxd7 Kxd7 46.
Ke5 a5 47. Kf4 Kd6 48. Ke3 e5 49. dxe5+ Kxe5 50. Kd3 d4 51. Kd2 Kd5 52. Kd3 Kc5
0-1

[Event "4. Bayer Open"]
[Site "Leverkusen"]
[Date "2007.01.08"]
[Round "1"]
[White "Werbeck, Thorsten"]
[Black "Witte, Thomas"]
[Result "1-0"]
[WhiteElo "2102"]
[BlackElo "1657"]
[PlyCount "121"]
[EventDate "2007.??.??"]
[EventType "swiss"]
[EventRounds "7"]
[EventCountry "GER"]
[Source "Manfred Birnkot"]
[SourceDate "2007.03.26"]

1. d4 Nf6 2. Nf3 e6 3. c4 Bb4+ 4. Bd2 Bxd2+ 5. Nbxd2 O-O 6. g3 d5 7. Bg2 Na6 8.
Rc1 c5 9. cxd5 Qxd5 10. dxc5 Nxc5 11. Nh4 Qd6 12. O-O Rd8 13. Nc4 Qxd1 14.
Rfxd1 Rxd1+ 15. Rxd1 Bd7 16. b4 Na4 17. Bxb7 Rb8 18. Na5 Nc3 19. Rd2 Bb5 20.
Bf3 g5 21. Ng2 g4 22. Bc6 Nxe2+ 23. Kh1 Nc3 24. Ne3 Rc8 25. Bxb5 Nxb5 26. Nac4
Ne4 27. Rc2 Nd4 28. Rb2 Nf3 29. Rc2 Nd4 {Schwarz bietet Remis an.} 30. Rc1 h5
31. Kg2 Nd2 32. Kh1 Nxc4 33. Rxc4 Rxc4 34. Nxc4 Kf8 35. Nd6 a6 36. Nb7 Nc2 37.
a3 Nxa3 38. Nc5 a5 39. bxa5 Nb5 40. a6 Ke7 41. Kg2 Kf6 42. Nb7 Kg6 43. Kf1 f5
44. Nd8 Kf6 45. Nc6 Nc7 46. a7 e5 47. Ke2 f4 48. Nb4 Kf5 49. Nd5 Na8 50. Nc3
Nc7 51. Kd3 Na8 52. Ne4 Nc7 53. Nc3 Na8 54. Nd5 Ke6 55. Ke4 f3 56. Ne3 Nc7 57.
Nc4 Na8 58. Nxe5 Nc7 59. Kf4 Kf6 60. Nxg4+ hxg4 61. Kxg4 1-0

[Event "4. Bayer Open"]
[Site "Leverkusen"]
[Date "2007.01.08"]
[Round "1"]
[White "Runte, Dirk"]
[Black "Hess, Christian"]
[Result "0-1"]
[WhiteElo "1683"]
[BlackElo "2036"]
[PlyCount "78"]
[EventDate "2007.??.??"]
[EventType "swiss"]
[EventRounds "7"]
[EventCountry "GER"]
[Source "Manfred Birnkot"]
[SourceDate "2007.03.26"]

1. e4 c5 2. Nf3 Nc6 3. d4 cxd4 4. Nxd4 Nf6 5. f3 e5 6. Nf5 d5 7. exd5 Bxf5 8.
dxc6 Qxd1+ 9. Kxd1 O-O-O+ 10. Bd3 bxc6 11. Ke2 e4 12. Ba6+ Kc7 13. Bf4+ Kb6 14.
Bc4 exf3+ 15. gxf3 Bc5 16. Bd3 Rhe8+ 17. Kd2 Bxd3 18. cxd3 Nd5 19. Bg3 Nb4 20.
Nc3 Be3+ 21. Ke2 Rxd3 22. Ne4 f5 23. a3 fxe4 24. axb4 Rb3 25. fxe4 Bd4 26. Ra2
Rxe4+ 27. Kd2 Kb5 28. Bd6 Rg4 29. Kc2 Rf3 30. Bg3 Re4 31. Rha1 Bb6 32. Rd1 Re2+
33. Rd2 Rxd2+ 34. Kxd2 Kxb4 35. Be5 g5 36. Bc3+ Kb5 37. Be5 h5 38. Ra1 Kc4 39.
Rc1+ Kd5 0-1

[Event "4. Bayer Open"]
[Site "Leverkusen"]
[Date "2007.01.08"]
[Round "1"]
[White "Witte, Volker"]
[Black "Weiler, Wolfgang"]
[Result "0-1"]
[WhiteElo "1644"]
[BlackElo "2070"]
[PlyCount "122"]
[EventDate "2007.??.??"]
[EventType "swiss"]
[EventRounds "7"]
[EventCountry "GER"]
[Source "Manfred Birnkot"]
[SourceDate "2007.03.26"]

1. d4 Nf6 2. c4 c5 3. d5 b5 4. Nf3 Bb7 5. Nbd2 Qa5 6. Qc2 g6 7. e4 d6 8. Bd3 a6
9. O-O Nbd7 10. Nb3 Qb6 11. Bd2 b4 12. a3 a5 13. axb4 axb4 14. Rxa8+ Bxa8 15.
Ra1 Qb8 16. Nh4 Bg7 17. f4 O-O 18. Be2 e6 19. Rf1 exd5 20. exd5 Re8 21. Bd3 Qd8
22. Nf3 Ng4 23. Qc1 f5 24. h3 Ngf6 25. Ng5 Nf8 26. Re1 h6 27. Rxe8 Qxe8 28. Nf3
Ne4 29. Qc2 Nxd2 30. Qxd2 Qa4 31. Bc2 Bxb2 32. Kh2 Bc3 33. Qe2 Qd7 34. Qe3 Bf6
35. g3 Qe7 36. Qxe7 Bxe7 37. g4 fxg4 38. hxg4 Kf7 39. Kg3 Bd8 40. Nfd2 Bb7 41.
Ne4 Bc7 42. Na5 Bc8 43. Nc6 Bd7 44. Ba4 Bxc6 45. Bxc6 b3 46. Ba4 b2 47. Bc2 Nd7
48. Nc3 Nb6 49. Bd3 Bd8 50. Nb1 g5 51. f5 Kf6 52. Kf3 Ke5 53. Ke3 Na4 54. Bc2
Nb6 55. Bd3 Nd7 56. Nc3 Nf6 57. Be2 Ba5 58. Nb1 Bb4 59. Bf3 Be1 60. Na3 Bc3 61.
Nb1 Bd4+ 0-1

[Event "4. Bayer Open"]
[Site "Leverkusen"]
[Date "2007.01.08"]
[Round "1"]
[White "Mroczek, Mathias"]
[Black "Lessing, Sebastian"]
[Result "1-0"]
[WhiteElo "2024"]
[BlackElo "1599"]
[PlyCount "49"]
[EventDate "2007.??.??"]
[EventType "swiss"]
[EventRounds "7"]
[EventCountry "GER"]
[Source "Manfred Birnkot"]
[SourceDate "2007.03.26"]

1. Nf3 d5 2. g3 Nc6 3. d4 Bg4 4. Bg2 e6 5. O-O h5 6. h3 Bf5 7. c4 dxc4 8. Qa4
Qd7 9. Qxc4 O-O-O 10. Nc3 Nf6 11. Ne5 Nxe5 12. dxe5 Nh7 13. Be3 Kb8 14. Rfd1
Qc8 15. Bxb7 Kxb7 16. Qb5+ Ka8 17. Qc6+ Kb8 18. Nb5 Rxd1+ 19. Rxd1 Bc5 20. Bxc5
Qb7 21. Bxa7+ Ka8 22. Nxc7+ Kxa7 23. Qa4+ Kb8 24. Na6+ Kc8 25. Qc4+ 1-0

[Event "4. Bayer Open"]
[Site "Leverkusen"]
[Date "2007.01.08"]
[Round "1"]
[White "Kolleck, Wolf-Dieter"]
[Black "Werner, Michael"]
[Result "0-1"]
[WhiteElo "1582"]
[BlackElo "1975"]
[PlyCount "78"]
[EventDate "2007.??.??"]
[EventType "swiss"]
[EventRounds "7"]
[EventCountry "GER"]
[Source "Manfred Birnkot"]
[SourceDate "2007.03.26"]

1. e4 c5 2. d4 cxd4 3. c3 dxc3 4. Nxc3 Nc6 5. Nf3 d6 6. Bc4 e6 7. O-O Nf6 8.
Qe2 Qc7 9. Rd1 a6 10. a3 Be7 11. Be3 O-O 12. b4 b5 13. Bb3 Bb7 14. Rac1 Rac8
15. Ng5 Qd7 16. Qa2 Nd8 17. f3 h6 18. Nh3 e5 19. Nf2 Nc6 20. Nd3 Ba8 21. Nd5
Nxd5 22. Bxd5 Bg5 23. f4 exf4 24. Nxf4 Ne5 25. Qd2 Bxd5 26. Qxd5 Nc4 27. Qd3
Nxe3 28. Qxe3 Qg4 29. g3 Rxc1 30. Rxc1 Rc8 31. Rxc8+ Qxc8 32. h4 Bxf4 33. Qxf4
Qe6 34. Qf3 Qe5 35. Qd3 Kf8 36. Kg2 Ke7 37. Kf3 Ke6 38. Qb3+ d5 39. exd5+ Qxd5+
0-1

[Event "4. Bayer Open"]
[Site "Leverkusen"]
[Date "2007.01.08"]
[Round "1"]
[White "Peschel, Andreas"]
[Black "Erdmann, Kristian"]
[Result "1-0"]
[WhiteElo "2114"]
[BlackElo "1559"]
[PlyCount "120"]
[EventDate "2007.??.??"]
[EventType "swiss"]
[EventRounds "7"]
[EventCountry "GER"]
[Source "Manfred Birnkot"]
[SourceDate "2007.03.26"]

1. d4 d5 2. Nf3 Nf6 3. g3 Bf5 4. Bg2 e6 5. O-O Bd6 6. c4 c6 7. Nc3 O-O 8. Qb3
Qc7 9. c5 Be7 10. Bf4 Qc8 11. Nh4 Bg6 12. Nxg6 hxg6 13. Bg5 Nbd7 14. Rac1 Re8
15. Qc2 Qd8 16. b4 e5 17. dxe5 Nxe5 18. Rfd1 Nfd7 19. Bxe7 Qxe7 20. e4 dxe4 21.
Nxe4 Red8 22. Nd6 Rab8 23. Qe2 g5 24. Bh3 Nf6 25. Re1 g4 26. Bg2 Nfd7 27. h3
Qg5 28. hxg4 Qxg4 29. Qxg4 Nxg4 30. Bh3 Nge5 31. Re3 Ng6 32. f4 Nf6 33. Bg2 Rd7
34. Rce1 Kf8 35. Bh3 Re7 36. Bc8 b6 37. cxb6 axb6 38. Bh3 Nd5 39. Rxe7 Ngxe7
40. b5 cxb5 41. Nxb5 Ra8 42. a3 Ra5 43. Bf1 Nf5 44. Kf2 Nf6 45. Bd3 Ng4+ 46.
Kf3 Nf6 47. Re5 Ne7 48. Re1 Nf5 49. Rb1 Ne7 50. g4 Ned5 51. g5 Nd7 52. Bc4 Ne7
53. Rd1 Ke8 54. Kg4 f5+ 55. Kg3 Nc6 56. Rd6 Na7 57. Nc7+ Kd8 58. Ne6+ Ke7 59.
Rd3 g6 60. Nd4 Nc5 {In dieser quasi ausgeglichenen Stellung endete die
Partie-Notation. Beide Spieler hatten nur noch ca. 5 Minuten auf der Uhr. Die
Blitzphase konnte schließlich Weiß für sich entscheiden.} 1-0

[Event "4. Bayer Open"]
[Site "Leverkusen"]
[Date "2007.01.08"]
[Round "1"]
[White "Wehr, Günter"]
[Black "Kies, Werner"]
[Result "0-1"]
[WhiteElo "1555"]
[BlackElo "1952"]
[PlyCount "60"]
[EventDate "2007.??.??"]
[EventType "swiss"]
[EventRounds "7"]
[EventCountry "GER"]
[Source "Manfred Birnkot"]
[SourceDate "2007.03.26"]

1. d4 g6 2. c4 Bg7 3. e4 d6 4. Nf3 Nc6 5. Nc3 e5 6. d5 Nce7 7. Bg5 h6 8. Bxe7
Nxe7 9. Be2 O-O 10. O-O f5 11. Bd3 Kh8 12. Qc2 b6 13. Ne2 f4 14. a4 a5 15. Nc3
g5 16. h3 Ng6 17. Be2 g4 18. hxg4 Bxg4 19. Nh2 Bd7 20. Nb5 Nh4 21. g3 Ng6 22.
Bh5 Rf6 23. g4 f3 24. Nxf3 $2 Rxf3 25. Bxg6 Bxg4 26. Kg2 Qg5 27. Bf5 Bh5+ 28.
Kh2 Rxf5 29. exf5 Bf3 30. Kh3 Qg4+ 0-1

[Event "4. Bayer Open"]
[Site "Leverkusen"]
[Date "2007.01.08"]
[Round "1"]
[White "Böhm, Stefan"]
[Black "Heilmann, Bernhard"]
[Result "1-0"]
[WhiteElo "1964"]
[BlackElo "1506"]
[PlyCount "37"]
[EventDate "2007.??.??"]
[EventType "swiss"]
[EventRounds "7"]
[EventCountry "GER"]
[Source "Manfred Birnkot"]
[SourceDate "2007.03.26"]

1. d4 c5 2. d5 e6 3. c4 d6 4. Nc3 g6 5. e4 Nd7 6. Nf3 Nb6 7. Bd3 exd5 8. cxd5
Bh6 9. O-O Bxc1 10. Qxc1 Ne7 11. Re1 O-O 12. Qh6 Nd7 13. Ng5 Nf6 14. e5 dxe5
15. Rxe5 Kh8 16. Rxe7 Qxe7 17. Nce4 Rg8 18. Nxf6 Rg7 19. Ngxh7 1-0

[Event "4. Bayer Open"]
[Site "Leverkusen"]
[Date "2007.01.08"]
[Round "1"]
[White "Marino, Eric"]
[Black "Keller, Karsten"]
[Result "0-1"]
[WhiteElo "1623"]
[BlackElo "2077"]
[PlyCount "41"]
[EventDate "2007.??.??"]
[EventType "swiss"]
[EventRounds "7"]
[EventCountry "GER"]
[Source "Manfred Birnkot"]
[SourceDate "2007.03.26"]

1. d4 g6 2. e4 c5 3. c3 cxd4 4. cxd4 d5 5. Nc3 dxe4 6. Bc4 Nf6 7. Qb3 e6 8. d5
exd5 9. Nxd5 Bg7 10. Nxf6+ Qxf6 11. Qb4 Nc6 12. Bb5 Qe7 13. Qc4 O-O 14. Ne2 Ne5
15. Qa4 a6 16. Bc4 Bg4 17. O-O b5 18. Bxb5 axb5 19. Qxb5 Rfb8 20. Qd5 Bxe2 21.
Re1 0-1

[Event "4. Bayer Open"]
[Site "Leverkusen"]
[Date "2007.01.08"]
[Round "1"]
[White "Buchkremer, Felix"]
[Black "Fröhling, Ewald"]
[Result "1-0"]
[WhiteElo "2051"]
[BlackElo "1546"]
[PlyCount "59"]
[EventDate "2007.??.??"]
[EventType "swiss"]
[EventRounds "7"]
[EventCountry "GER"]
[Source "Manfred Birnkot"]
[SourceDate "2007.03.26"]

1. e4 d5 2. exd5 Qxd5 3. Nc3 Qa5 4. d4 c6 5. Bc4 Nf6 6. Bd2 Qb6 7. Nf3 Bg4 8.
Bxf7+ Kxf7 9. Ne5+ Kg8 10. Nxg4 Qxd4 11. Nxf6+ exf6 12. Qe2 Qd7 13. O-O-O Qf7
14. g4 Nd7 15. f4 Bb4 16. Kb1 Re8 17. Qg2 Nb6 18. Ne4 Be7 19. Rhe1 Nd5 20. Qf3
Nb4 21. Bxb4 Bxb4 22. Nxf6+ gxf6 23. Rxe8+ Qxe8 24. Qb3+ Kg7 25. Qxb4 Qe2 26.
Qxb7+ Kh6 27. Rg1 Qxh2 28. g5+ Kh5 29. Qxa7 Qxf4 30. Qg7 1-0

[Event "4. Bayer Open"]
[Site "Leverkusen"]
[Date "2007.01.08"]
[Round "1"]
[White "Karwatzki, Hans-Jürgen"]
[Black "Vasiljev, Jurij"]
[Result "1/2-1/2"]
[WhiteElo "1539"]
[BlackElo "2058"]
[PlyCount "64"]
[EventDate "2007.??.??"]
[EventType "swiss"]
[EventRounds "7"]
[EventCountry "GER"]
[Source "Manfred Birnkot"]
[SourceDate "2007.03.26"]

1. e4 c5 2. c3 d5 3. exd5 Qxd5 4. d4 Nc6 5. Nf3 Bg4 6. Be2 e6 7. Be3 Rd8 8. Qb3
Qxb3 9. axb3 cxd4 10. Nxd4 Nxd4 11. Bxd4 Bxe2 12. Kxe2 a6 13. Nd2 Ne7 14. Rhd1
Nc6 15. Bb6 Rd5 16. Bc7 Be7 17. Ne4 O-O 18. Rxd5 exd5 19. Nd6 Bxd6 20. Bxd6 Rd8
21. Bc5 f6 22. f4 Kf7 23. Rd1 Ke6 24. g4 g6 25. Kf3 f5 26. g5 Rd7 27. b4 Rd8
28. h3 Rd7 29. Rd2 Rd8 30. Rd1 Rd7 31. Rd2 Rd8 32. Rd1 Rd7 1/2-1/2

[Event "4. Bayer Open"]
[Site "Leverkusen"]
[Date "2007.01.08"]
[Round "1"]
[White "Gutt, Oswald"]
[Black "Hoeper, Heinz-Joachim"]
[Result "1/2-1/2"]
[WhiteElo "1919"]
[BlackElo "1526"]
[PlyCount "22"]
[EventDate "2007.??.??"]
[EventType "swiss"]
[EventRounds "7"]
[EventCountry "GER"]
[Source "Manfred Birnkot"]
[SourceDate "2007.03.26"]

1. e4 d5 2. exd5 Qxd5 3. Nc3 Qa5 4. d4 c6 5. Bc4 Nf6 6. Nge2 g6 7. O-O Bg4 8.
h3 h5 9. Qe1 Nbd7 10. Nf4 Bf5 11. Bd2 Qb6 1/2-1/2

[Event "4. Bayer Open"]
[Site "Leverkusen"]
[Date "2007.01.08"]
[Round "1"]
[White "Buchfelder, Gerhard"]
[Black "Scharff, Klaus"]
[Result "0-1"]
[WhiteElo "1497"]
[BlackElo "1922"]
[PlyCount "58"]
[EventDate "2007.??.??"]
[EventType "swiss"]
[EventRounds "7"]
[EventCountry "GER"]
[Source "Manfred Birnkot"]
[SourceDate "2007.03.26"]

1. e4 e6 2. Nf3 d5 3. exd5 exd5 4. d4 Bd6 5. Nc3 c6 6. Bd3 Bg4 7. O-O Ne7 8.
Bg5 f6 9. Bh4 Qc7 10. h3 Bh5 11. Re1 Nd7 12. Bf5 O-O-O 13. Be6 Kb8 14. Qd3 g5
15. Bg3 Bxg3 16. fxg3 Qxg3 17. Re3 Qd6 18. Rae1 Bg6 19. Qd2 Rde8 20. Bxd7 Qxd7
21. Na4 b6 22. Qb4 Nc8 23. Nc5 Qd6 24. Re6 Qf4 25. Rxc6 Rxe1+ 26. Nxe1 Re8 27.
Na6+ Kb7 28. Rc7+ Ka8 29. Qb5 $4 Rxe1+ 0-1

[Event "4. Bayer Open"]
[Site "Leverkusen"]
[Date "2007.01.08"]
[Round "1"]
[White "Schimpf, Rolf"]
[Black "Stolzenberg, Peter"]
[Result "1/2-1/2"]
[WhiteElo "1822"]
[BlackElo "1495"]
[PlyCount "132"]
[EventDate "2007.??.??"]
[EventType "swiss"]
[EventRounds "7"]
[EventCountry "GER"]
[Source "Manfred Birnkot"]
[SourceDate "2007.03.26"]

1. c4 e5 2. Nc3 Nc6 3. g3 Bb4 4. Bg2 Nge7 5. e4 O-O 6. Nge2 d6 7. a3 Bxc3 8.
bxc3 Be6 9. d3 Qd7 10. O-O Bh3 11. Be3 Bxg2 12. Kxg2 f5 13. Qb3 fxe4 14. dxe4
Qe6 15. Qa4 b6 16. Rab1 Na5 17. c5 Qc4 18. Qxc4+ Nxc4 19. Bg5 Rf7 20. cxd6 Nxd6
21. f3 Raf8 22. Rbd1 Ng6 23. a4 h6 24. Bc1 Ne7 25. Ng1 Nc6 26. Ba3 Rd8 27. Rfe1
Nc4 28. Rxd8+ Nxd8 29. Bc1 Rd7 30. Kf2 Rd3 31. Ne2 Ne6 32. f4 Nc5 33. fxe5
Nxe4+ 34. Kg2 Nxc3 35. Nxc3 Rxc3 36. e6 Nd6 37. Bf4 Kf8 38. Be5 Rc2+ 39. Kh3 g5
40. e7+ Ke8 41. Bxd6 cxd6 42. Re6 Ra2 43. Rxd6 Kxe7 44. Rxh6 Rxa4 45. Rg6 b5
46. Rxg5 b4 47. Rb5 a5 48. g4 Ra3+ 49. Kh4 b3 50. Kh5 Ra2 51. Rxb3 Rxh2+ 52.
Kg6 Rh8 53. Rb7+ Ke6 54. Kg7 Ra8 55. g5 a4 56. g6 a3 57. Rb1 Ra7+ 58. Kh6 a2
59. Ra1 Kf6 60. g7 Ra3 61. Rf1+ Ke7 62. Ra1 Kf7 63. Rf1+ Ke7 64. Kh7 a1=Q 65.
Rxa1 Rxa1 66. g8=Q Rh1+ 1/2-1/2

[Event "4. Bayer Open"]
[Site "Leverkusen"]
[Date "2007.01.08"]
[Round "1"]
[White "Bauer, Matthias"]
[Black "Wegener, Marcus"]
[Result "1/2-1/2"]
[WhiteElo "1490"]
[BlackElo "1807"]
[PlyCount "82"]
[EventDate "2007.??.??"]
[EventType "swiss"]
[EventRounds "7"]
[EventCountry "GER"]
[Source "Manfred Birnkot"]
[SourceDate "2007.03.26"]

1. c4 e5 2. b3 f5 3. Bb2 Nc6 4. g3 Nf6 5. Bg2 d5 6. cxd5 Nxd5 7. Nc3 Be6 8. e3
Ndb4 9. Bxc6+ bxc6 10. d4 e4 11. Kf1 Nd3 12. Qc2 c5 13. Nge2 Rb8 14. dxc5 Nb4
15. Qd1 Bxc5 16. Nf4 Kf7 17. Qh5+ g6 18. Qe2 Qe7 19. Kg2 Rhd8 20. Rhd1 Rd6 21.
Na4 Bb6 22. Nxb6 Rdxb6 23. Ba3 c5 24. Bxb4 cxb4 25. Nd5 Bxd5 26. Rxd5 Rd8 27.
Rad1 Rbd6 28. Rxd6 Rxd6 29. Qc4+ Kf6 30. Rd4 Rxd4 31. Qxd4+ Ke6 32. Qc4+ Kf6
33. Qd4+ Ke6 34. Qc4+ Kf6 35. Qd4+ Ke6 36. Qc4+ Kd7 37. Qd5+ Kc7 38. Qa5+ Kb7
39. Qd5+ Kb6 40. Qd4+ Kc6 41. Qc4+ Kb6 1/2-1/2